00706nam a2200253Ia 4500008004100000040001200041082001700053082001500070100001600085245005100101260001100152260004500163300001300208300000600221300001400227530001700241563001000258600001600268630005100284650002900335650002100364700001600385730005100401160716s9999||||xx |||||||||||||| ||und|| cEnglish aXI.B/Pophale bBORI-47730 aG.L.Pophale 2aA Quarter Centuary of Direct Taxation in India aBombay bEconomic Reserch and training Foundation axlvi+475 cB ePaperbook u00047730.pdf aStudy aG.L.Pophale aA Quarter Centuary of Direct Taxation in India a"Social History,Culture" aGeneral Indology aG.L.Pophale aA Quarter Centuary of Direct Taxation in India